000 00343nam a2200109 4500
245 _aMay we borrow your husband ? and other comedies of the sexual life
_cGraham Greene
100 _aGreene, Graham
260 _aHarmondsworth,Eng
_bPenguin Books
_c1969 [reprinted 1973]
300 _a141p.; 18cm.-
490 _aPenguin books
082 _a823.912
_bGRE
999 _c1755
_d1755